| 000 | 00807nam a2200265 a 4500 | ||
|---|---|---|---|
| 005 | 20210219153053.0 | ||
| 008 | 991125n 000 0 u | ||
| 035 | _aUPN01000075763 | ||
| 100 | _aWoehr, David J. | ||
| 222 | _aEDUCATIONAL AND PSYCHOLOGICAL MEASUREMENT | ||
| 245 | _aA empirical comparison of cutoff score methods for content-related and criterion-related validity settings | ||
| 300 | _a1029-1039 | ||
| 362 | _a51, No. 4, 1991 | ||
| 505 | _aJunio 1992 | ||
| 653 | 0 | _aESTUDIANTES NO GRADUADOS | |
| 653 | 0 | _aRECORTE DE PUNTUACIONES | |
| 653 | 0 | _aSCORING EVALUATORS | |
| 653 | 0 | _aTNER DECISION | |
| 653 | 0 | _aVALIDEZ CONCURRENTE | |
| 653 | 0 | _aVALIDEZ DEL CONTENIDO | |
| 700 | _aArthur, Winfred | ||
| 700 | _aFehrmann, Melinda L. | ||
| 904 |
_aAC _b013574 |
||
| 905 | _aArticulo | ||
| 999 |
_c67659 _d67659 |
||